<The> Russian Management Revolution Preparing Managers for the Market Economy
Gespeichert in:
| Weitere Verfasser: | |
|---|---|
| Format: | Buch |
| Sprache: | Englisch |
| Veröffentlicht: |
Armonk
Sharpe
1992
|
| Ausgabe: | 1. ed. |
| Schlagworte: | |
| Tags: |
Keine Tags, Fügen Sie das erste Tag hinzu!
|
MARC
| LEADER | 00000nam a2200000 4500 | ||
|---|---|---|---|
| 001 | c002986 | ||
| 005 | 20221221080405.4 | ||
| 020 | |a 1-56324-043-2 | ||
| 041 | 0 | |a eng | |
| 044 | |a US | ||
| 245 | 1 | 0 | |a <The> Russian Management Revolution |b Preparing Managers for the Market Economy |c Edit. Sheila M. Puffer |
| 250 | |a 1. ed. | ||
| 264 | 1 | |a Armonk |b Sharpe |c 1992 | |
| 300 | |a 290 s. | ||
| 610 | 2 | 0 | |a manažment |
| 610 | 2 | 0 | |a manažéri |
| 610 | 2 | 0 | |a výchova |
| 610 | 2 | 0 | |a vzdelávanie |
| 610 | 2 | 0 | |a hospodárstvo trhové |
| 610 | 2 | 0 | |a Rusko |
| 610 | 2 | 0 | |a USA |
| 610 | 2 | 0 | |a joint ventures |
| 700 | 1 | |a Puffer, Sheila M. | |